Most Capped International Footballers For Austria - Statistics

General Stats
  • This quiz has been taken 10 times
  • The average score is 6 of 22
Answer Stats
# Caps Years Answer % Correct
5 97 2012- Marcel Sabitzer
100%
2 112 2009- David Alaba
80%
1 132 2008- Marko Arnautovic
80%
6 95 1982-2000 Anton Polster
40%
3 103 1988-2003 Andreas Herzog
30%
17 69 1973-1985 Hans Krankl
30%
9 84 2009-2021 Julian Baumgartlinger
30%
12 83 1974-1989 Herbert Prohaska
20%
19 68 1976-1989 Heribet Weber
20%
8 86 1952-1965 Karl Koller
20%
16 70 2006-2019 Marc Janko
20%
19 68 2007-2017 Martin Harnik
20%
21 67 2013-2022 Martin Hinteregger
20%
14 74 2016- Michael Gregoritsch
20%
15 73 2007-2018 Sebastian Prodl
20%
4 100 2009-2022 Aleksandar Dragovic
10%
17 69 2003-2014 Andreas Ivanschitz
10%
9 84 1975-1990 Bruno Pezzey
10%
13 78 2006-2016 Christian Fuchs
10%
9 84 1970-1985 Friedl Koncilia
10%
7 93 1948-1962 Gerhard Hanappi
10%
22 65 1988-1999 Peter Stoger
10%
No matching quizzes found
Score Distribution
Percent of People with Each Score
Percentile by Number Answered
Your Score History
You have not taken this quiz